000 002650000a22000970004500
100 1 _aLima Silva, Silvia Regina de
245 1 0 _aQue canten las niñas y los niños
300 _aVol. 17, Num 1 (Junio, 1997), Páginas 3-4
773 0 _tVida y pensamiento
942 _cANA
999 _c53066
_d53066